|
|
|
|
| LEADER |
00000nab a2200000 a 4500 |
| 001 |
vtls000421895 |
| 003 |
SK-MaSNL |
| 005 |
20260318124821.0 |
| 008 |
230217c1989 xo 0 eng |
| 015 |
|
|
|a SNBRB19rr/mm-uuuuu
|
| 035 |
|
|
|a CL0422023
|
| 035 |
|
|
|a urn:nbn:sk:snk-ab1q3o
|
| 035 |
|
|
|a (urnnbn)urn:nbn:sk:snk:ar-004xyd
|
| 035 |
|
|
|a (uuid)cc6282af-3ee1-4840-9711-b4e4a989e2f1
|
| 040 |
|
|
|a SNKBUCL
|b slo
|c SNKBUCL
|e AACR2
|
| 041 |
0 |
|
|a eng
|
| 044 |
|
|
|a xo
|c SK
|
| 080 |
|
|
|a 519.711
|2 1981
|
| 100 |
1 |
|
|a Jančar, Petr
|4 aut
|9 451725
|
| 245 |
1 |
0 |
|a Petri nets: Central models and their properties. Part 1. Petri nets: Application and relationships to other models of concurrency. Part 2
|c Petr Jančar
|
| 650 |
0 |
7 |
|a Petriho siete
|2 SNKPH
|9 67953
|
| 655 |
|
7 |
|a články z novín a časopisov
|2 SNK
|9 267496
|
| 655 |
|
7 |
|a recenzie
|2 SNKPH
|9 21907
|
| 773 |
0 |
|
|t Computers and artificial intelligence
|g Roč. 8, č. 1 (1989), s. 106-107
|
| 787 |
0 |
8 |
|i Rec.:
|a Brauer, W.
|t Petri nets: Central models and their properties. Part 1. Petri nets: Application and relationshipsto the other model...
|d Berlin : Springer Verlag, 1987
|
| 850 |
|
|
|a Slovenská národná knižnica v Martine
|a MTA001
|
| 852 |
|
|
|a SNK
|b KIS3GCP
|
| 958 |
|
|
|a RK
|
| 958 |
|
|
|a OND
|
| 958 |
|
|
|a EUIPO
|
| 958 |
|
|
|a article27
|
| 992 |
|
|
|a RBX
|
| 999 |
|
|
|c 2575312
|d 2577242
|